01388nam a2200229 a 4500008004100000020001800041050001500059100001500074245005900089250001800148260001700166300003300183650002000216650003800236995015500274995015500429995015500584999001700739952013400756952013400890952013401024211026s2013 ||||||||||||||||| || u a9781446209042 aHM 741 Sco aScott John10aSocial network analysis (Third edition)cBy John Scott aThird edition aLondonc2013 ax, 201 pages : illustrations 0aSOCIAL NETWORKS aSOCIAL SCIENCES--NETWORK ANALYSIS aMAIN LIBRARY OPEN ACCESSe751356FCBU-MAIN LIBRARY (Kitwe)I49.00jHM 741 ScoM1UAVAILABLEWOct 26, 2021y751356ZMain Library Open Access Collection aMAIN LIBRARY OPEN ACCESSe751357FCBU-MAIN LIBRARY (Kitwe)I49.00jHM 741 ScoM2UAVAILABLEWOct 26, 2021y751357ZMain Library Open Access Collection aMAIN LIBRARY OPEN ACCESSe751358FCBU-MAIN LIBRARY (Kitwe)I49.00jHM 741 ScoM3UAVAILABLEWOct 26, 2021y751358ZMain Library Open Access Collection c76586d76586 00102lcc4070a001b001cMain Library Open Access Collectiond2023-04-25l0oHM 741 Scop751356r2023-04-25t1w2023-04-25y002 00102lcc4070a001b001cMain Library Open Access Collectiond2023-04-25l0oHM 741 Scop751357r2023-04-25t2w2023-04-25y002 00102lcc4070a001b001cMain Library Open Access Collectiond2023-04-25l0oHM 741 Scop751358r2023-04-25t3w2023-04-25y002